Enfermería medicoquirúrgica
Uloženo v:
| Hlavní autoři: | , , |
|---|---|
| Médium: | Kniha |
| Jazyk: | španělština |
| Vydáno: |
Ciudad de México
Interamericana
1973
|
| Vydání: | 3a. ed |
| Témata: | |
| Tagy: |
Přidat tag
Žádné tagy, Buďte první, kdo vytvoří štítek k tomuto záznamu!
|
MARC
| LEADER | 00000nam a2200000 a 4500 | ||
|---|---|---|---|
| 001 | UCT1882 | ||
| 003 | CL-VaPUC | ||
| 008 | 961004e19730000MX |||||||||||||||||spa|d | ||
| 082 | 0 | 4 | |a 610.73 |b SMI |2 21 |
| 100 | 0 | |a Smith, Dorothy W |e author |9 370890 | |
| 700 | 0 | |a Germain, Carol P |e author |9 370891 | |
| 700 | 0 | |a Gips, Claudia D |e author |9 370892 | |
| 245 | 1 | 0 | |a Enfermería medicoquirúrgica |
| 250 | |a 3a. ed | ||
| 300 | |a 1202 p | ||
| 942 | |c BK | ||
| 945 | |d 19961004 00:00:00 |a cmena | ||
| 260 | |a Ciudad de México |b Interamericana |c 1973 | ||
| 650 | 7 | |a PERSONAL MEDICO AUXILIAR |2 CL-VaPUC |9 370893 | |
| 650 | 7 | |a PERSONAL MEDICO |2 CL-VaPUC |9 327081 | |
| 650 | 0 | |a Hospitales |9 335788 | |
| 650 | 7 | |a CIENCIAS PARAMEDICAS |2 CL-VaPUC |9 370894 | |
| 650 | 7 | |a CIRUGIA |2 CL-VaPUC |9 352181 | |
| 650 | 0 | |a Atención médica |9 337119 | |
| 650 | 7 | |a CIENCIAS APLICADAS |2 CL-VaPUC |9 360599 | |
| 583 | |a last modification |c 19961004 00:00:00 |k Rodrigo Vera | ||
| 999 | |c 252235 |d 252233 | ||
| 952 | |0 0 |1 0 |4 0 |6 610_730000000000000_SMI_1973 |7 0 |8 A |9 271977 |a BIBCUR |b BIBCUR |d 2019-11-19 |i 1755498 |o 610.73 SMI 1973 |p 1755498 |r 2025-04-22 |w 2019-11-19 |y BK |k BCB | ||